00721cam a22002173a 450000100060000000300060000600500170001200800410002904000150007004200070008505000070009224501890009926000290028850600300031751600200034765300250036765300120039270000280040483000290043285600420046125918PGUSA20140828083546.0080628s2008||||xxu|||||s|||||000 | eng d aPGUSAbeng adc 4aQL10aHeads and Tales ;bor, Anecdotes and Stories of Quadrupeds and Other Beasts, Chiefly Connected with Incidents in the Histories of More or Less Distinguished Men.h[electronic resource] bProject Gutenberg,c2008 aPublic domain in the USA. aElectronic text aAnimals -- Anecdotes aMammals1 aWhite, Adam,d1817-1879 0aProject Gutenbergv2591840uhttp://www.gutenberg.org/ebooks/25918